[Vývoj a perspektívy svetovej ekonomiky - turbulencie na finančných trhoch a dilemy hospodárskej politiky]

Recenzia na monografiu Vývoj a perspektívy svetovej ekonomiky - turbulencie na finančných trhoch a dilemy hospodárskej politiky. Publikácia postihuje, analyzuje a hodnotí zásadné zmeny a trendy, ku ktorým dochádza vo svetovej ekonomike v súčasnom období jej globalizácie, v kombinácii s prechodom k...

Descrizione completa

Salvato in:
Dettagli Bibliografici
Autore principale: Gonda, Vladimír
Natura: Capitolo di libro
Lingua:slovacco
Soggetti:
Tags: Aggiungi Tag
Nessun Tag, puoi essere il primo ad aggiungerne!!

MARC

LEADER 00000naa$a2200000$$$4500
001 0089661
005 20240502072012.0
041 0 |a slo 
044 |a SK 
245 1 0 |a [Vývoj a perspektívy svetovej ekonomiky - turbulencie na finančných trhoch a dilemy hospodárskej politiky]  |c Vladimír Gonda 
520 |a Recenzia na monografiu Vývoj a perspektívy svetovej ekonomiky - turbulencie na finančných trhoch a dilemy hospodárskej politiky. Publikácia postihuje, analyzuje a hodnotí zásadné zmeny a trendy, ku ktorým dochádza vo svetovej ekonomike v súčasnom období jej globalizácie, v kombinácii s prechodom k znalostnej ekonomike. 
610 2 0 |a recenzie 
610 2 0 |a hospodárstvo svetové 
610 2 0 |a trh finančný 
610 2 0 |a globalizácia 
610 2 0 |a politika hospodárska 
610 2 0 |a politika medzinárodná 
100 1 |a Gonda, Vladimír